000
00270nam a2200097Ia 4500
008
220204s9999 xx 000 0 und d
082
_a
382.6(058)
_b
EXP
245
0
_a
Exporters directory 1969
260
_a
Bombay
_b
Chemicals Pharmaceuticals and Soaps EPC
_c
1969
942
_c
BK
999
_c
21542
_d
21542